La vida del doctor Samuel Johnson

Sábháilte in:
Sonraí bibleagrafaíochta
Príomhchruthaitheoir: Boswell, James (Údar)
Formáid: LEABHAR
Teanga:Spáinnis
Foilsithe / Cruthaithe: Buenos Aires Espasa-Calpe Argentina S. A 1949
Eagrán:2a. ed
Sraith:Colección Austral, 899
Ábhair:
Clibeanna: Cuir clib leis
Níl clibeanna ann, Bí ar an gcéad duine le clib a chur leis an taifead seo!

MARC

LEADER 00000cam a2200000 a 4500
001 UCE2413
003 CL-VaPUC
008 140703e19490000ag |||||||||||||||||spa|d
082 0 4 |a 823.09  |b BOS  |2 21 
100 0 |a Boswell, James  |e author  |9 324965 
245 1 3 |a La vida del doctor Samuel Johnson 
250 |a 2a. ed 
300 |a 211 p 
942 |c BK 
945 |d 20140703 14:09:00  |a dcastane 
260 |a Buenos Aires  |b Espasa-Calpe Argentina S. A  |c 1949 
650 0 |a Literatura inglesa  |9 312907 
650 7 |a PROSA INGLESA  |2 CL-VaPUC  |9 319416 
650 0 |a Biografías  |9 255210 
583 |a last modification  |c 20140703 14:09:00  |k Rodrigo Vera 
490 0 |a Colección Austral, 899 
999 |c 356014  |d 356012 
952 |0 0  |1 0  |3 erb  |4 0  |6 823_090000000000000_BOS_1949  |7 0  |8 A  |9 463087  |a BIBEDU  |b BIBEDU  |i 5047951  |o 823.09 BOS 1949  |p 5047951  |r 2019-11-23  |w 2019-11-23  |y BK  |z Catalogado en:20140703  |k LIT